<?xml version="1.0" encoding="UTF-8"?>
<collection xmlns="http://www.loc.gov/MARC21/slim">
 <record>
  <leader>01418pam a22003138a 4500</leader>
  <controlfield tag="001">00030283</controlfield>
  <controlfield tag="005">20171026081022.0</controlfield>
  <controlfield tag="008">130108s2003                  ||||||engsd</controlfield>
  <datafield tag="020" ind1="#" ind2="#">
   <subfield code="a">9780333988916</subfield>
  </datafield>
  <datafield tag="041" ind1="0" ind2="#">
   <subfield code="a">eng</subfield>
  </datafield>
  <datafield tag="082" ind1="1" ind2="4">
   <subfield code="a">428</subfield>
   <subfield code="b">L200T</subfield>
  </datafield>
  <datafield tag="100" ind1="1" ind2="#">
   <subfield code="a">Lougheed, Lin</subfield>
  </datafield>
  <datafield tag="245" ind1="1" ind2="0">
   <subfield code="a">Learning to listen</subfield>
   <subfield code="c">Lin Lougheed</subfield>
   <subfield code="b">Making sense of spoken English. Student book 3</subfield>
  </datafield>
  <datafield tag="260" ind1="#" ind2="#">
   <subfield code="a">New York</subfield>
   <subfield code="b">Macmillan</subfield>
   <subfield code="c">2003</subfield>
  </datafield>
  <datafield tag="300" ind1="#" ind2="#">
   <subfield code="a">79 p.</subfield>
   <subfield code="b">ill.</subfield>
   <subfield code="c">26 cm</subfield>
  </datafield>
  <datafield tag="500" ind1="#" ind2="#">
   <subfield code="a">Includes TOEIC C- style listening practice</subfield>
  </datafield>
  <datafield tag="653" ind1="#" ind2="#">
   <subfield code="a">Kỹ năng nghe</subfield>
  </datafield>
  <datafield tag="653" ind1="#" ind2="#">
   <subfield code="a">Luyện thi</subfield>
  </datafield>
  <datafield tag="653" ind1="#" ind2="#">
   <subfield code="a">Tiếng Anh</subfield>
  </datafield>
  <datafield tag="852" ind1="#" ind2="#">
   <subfield code="b">Kho giáo trình</subfield>
   <subfield code="j">KGT.0035483, KGT.0035455, KGT.0035456, KGT.0035457, KGT.0035458, KGT.0035475, KGT.0035476, KGT.0035477, KGT.0035478, KGT.0035479, KGT.0035480, KGT.0035481, KGT.0035482, KGT.0035549, KGT.0035550, KGT.0035484, KGT.0035485, KGT.0035486, KGT.0035487, KGT.0035488</subfield>
  </datafield>
  <datafield tag="852" ind1="#" ind2="#">
   <subfield code="b">Kho mượn</subfield>
   <subfield code="j">KGT.0035483</subfield>
  </datafield>
  <datafield tag="852" ind1="#" ind2="#">
   <subfield code="b">Kho đọc</subfield>
   <subfield code="j">KD.0014312</subfield>
  </datafield>
  <datafield tag="852" ind1="#" ind2="#">
   <subfield code="j">KGT.0035477</subfield>
   <subfield code="j">KGT.0035478</subfield>
   <subfield code="j">KGT.0035480</subfield>
   <subfield code="j">KGT.0035481</subfield>
   <subfield code="j">KGT.0035549</subfield>
   <subfield code="j">KGT.0035486</subfield>
   <subfield code="j">KGT.0035488</subfield>
   <subfield code="j">KGT.0035455</subfield>
   <subfield code="j">KGT.0035457</subfield>
   <subfield code="j">KGT.0035458</subfield>
   <subfield code="j">KD.0014312</subfield>
   <subfield code="j">KGT.0035476</subfield>
   <subfield code="j">KGT.0035483</subfield>
   <subfield code="j">KGT.0035484</subfield>
   <subfield code="j">KGT.0035456</subfield>
   <subfield code="j">KGT.0035475</subfield>
   <subfield code="j">KGT.0035479</subfield>
   <subfield code="j">KGT.0035482</subfield>
   <subfield code="j">KGT.0035485</subfield>
   <subfield code="j">KGT.0035487</subfield>
   <subfield code="j">KGT.0035550</subfield>
  </datafield>
  <datafield tag="910" ind1="0" ind2="#">
   <subfield code="d">08/01/2013</subfield>
  </datafield>
  <datafield tag="980" ind1="#" ind2="#">
   <subfield code="a">Trung tâm Học liệu Lê Vũ Hùng, Trường Đại học Đồng Tháp</subfield>
  </datafield>
 </record>
</collection>
